Loreto College Library, Kolkata
WEBOPAC (ONLINE PUBLIC ACCESS CATALOGUE)

The Penguin Atlas of Ancient History (Record no. 12938)

MARC details
000 -LEADER
fixed length control field 00617nam a2200217Ia 4500
005 - DATE AND TIME OF LATEST TRANSACTION
control field 20230819115913.0
008 - FIXED-LENGTH DATA ELEMENTS--GENERAL INFORMATION
fixed length control field 131103s9999 xx 000 0 und d
040 ## - CATALOGING SOURCE
Original cataloging agency Loreto College
041 ## - LANGUAGE CODE
Language code English
082 ## - DDC | ডিউই
Classification number | বর্গসংখ্যা 912.3
Book Number | গ্রন্থাঙ্ক MAC
100 ## - MAIN ENTRY--PERSONAL NAME | মুখ্য সংলেখ - ব্যাক্তিনাম
Personal name | ব্যাক্তিনাম McEvedy,Colin
245 #4 - TITLE STATEMENT | অাখ্যা বিবরণী
Title | অাখ্যা The Penguin Atlas of Ancient History
Statement of responsibility | লেখকের দায়িত্বের বিবরণ Colin McEvedy;drawn by John Woodcock
260 ## - IMPRINT | প্রকাশনা ক্ষেত্র
Place of publication | প্রকাশ স্থান Harmondsworth
Name of publisher | প্রকাশকের নাম Penguin Book Ltd.
Date of publication | প্রকাশ কাল 1967 (1968 printing)
300 ## - PHYSICAL DESCRIPTION |
Page / Vol. No | পৃষ্ঠা / খন্ড সংখ্যা 96 p.
Other physical details | অনান্য বাহ্যিক বিবরণ illus.,maps
504 ## - BIBLIOGRAPHY, ETC. NOTE
Bibliography, etc Includes index
650 ## - SUBJECT ADDED ENTRY--TOPICAL TERM | বিষয় শিরোনাম - মূল বিষয়
Topical term | মূল বিষয় Geography
651 ## - SUBJECT ADDED ENTRY--GEOGRAPHIC NAME | বিষয় শিরোনাম - ভৌগলিক নাম
Geographic name | ভৌগলিক বিষয় Ancient World - Geography
700 ## - ADDED ENTRY--PERSONAL NAME | অতিরিক্ত সংলেখ - ব্
Personal name | ব্যাক্তিনাম Woodcock,John
850 ## - HOLDING INSTITUTION
Holding institution LCLIB
942 ## - ADDED ENTRY ELEMENTS (KOHA)
Koha item type Books
Holdings
Withdrawn status Lost status Source of classification Damaged status Not for loan Home library Current library Date acquired Total Checkouts Full call number Accession No. Date last seen Price effective from Koha item type Coded location qualifier
    Dewey Decimal Classification     Loreto College Loreto College 04/11/2013   912.3 MAC 18055 B12943 04/11/2013 04/11/2013 Books